| 000 | 00536nam a22001817a 4500 | ||
|---|---|---|---|
| 005 | 20251108170449.0 | ||
| 008 | 250721s2002 xx 000 0 ara d | ||
| 082 | 1 | 4 | _aم/928.1103/صاد |
| 100 | 1 | _aصادق، عباس | |
| 245 | 1 | 0 | _aموسوعة أمراء الشعر العربي / |
| 264 | 1 |
_aعمان : _bدار أسامة للنشر و التوزيع، _c2002. |
|
| 300 | _a464ص | ||
| 650 | 1 | 7 | _aالشعراء العرب |
| 650 | 1 | 7 | _aالتراجم |
| 650 | 1 | 7 | _aالموسوعات |
| 942 |
_2ddc _cREF |
||
| 999 |
_c41092 _d41092 |
||